Entrepreneurship management : (Record no. 147029)

MARC details
000 -LEADER
fixed length control field 00609nam a22001937a 4500
005 - DATE AND TIME OF LATEST TRANSACTION
control field 20171031123331.0
010 ## - LCCN (DPL NO)
LC control number ENG-121156
020 ## - INTERNATIONAL STANDARD BOOK NUMBER
International Standard Book Number 9788174467409
Terms of availability 295.00
035 ## - SYSTEM CONTROL NUMBER
System control number EN-104688
037 ## - SOURCE OF ACQUISITION
Source of stock number/acquisition DBAD/PUB
082 ## - DEWEY DECIMAL CLASSIFICATION NUMBER
Classification number 658.421
100 ## - MAIN ENTRY--PERSONAL NAME
Personal name Dutta, Bholanath
245 ## - TITLE STATEMENT
Title Entrepreneurship management :
Statement of responsibility, etc by Bholanath Dutta
Remainder of title text and cases
260 ## - PUBLICATION, DISTRIBUTION, ETC. (IMPRINT)
Place of publication, distribution, etc New Delhi
Name of publisher, distributor, etc Excel Books
Date of publication, distribution, etc 2009
270 ## - ADDRESS
Address A-45, Naraina, Phase-I
City New Delhi
Postal code 110028
300 ## - PHYSICAL DESCRIPTION
Extent xvii,471p.
Dimensions 24cm(pbk)
Other physical details ill.
500 ## - GENERAL NOTE
General note includes bibliographical references and index
942 ## - ADDED ENTRY ELEMENTS (KOHA)
Source of classification or shelving scheme Dewey Decimal Classification
Item type English Books
Classification part 658.421
Call number suffix DUT
Holdings
Withdrawn status Lost status Not for loan Collection code Home library Current library Date acquired Source of acquisition Cost, normal purchase price Full call number Barcode Copy number Cost, replacement price Koha item type
    Not For Loan Non-fiction D.B.Act.Division Bawana 31/10/2017 DBAD/PUB 295.00 658.421 DUT EN-104688 1 295.00 English Books

© Delhi Public Library
Hit Counter
free hit counter